000 00721nam a22002177a 4500
999 _c5739
_d5739
003 AR-CdUCM
008 190313b ||||| |||| 00| 0 spa d
040 _aMUNICIPALIDAD PROVINCIAL DEL CUSCO
_cBIBLIOTECA MUNICIPAL DEL CUSCO
082 _a869.56 /
_bU89
245 _aUsca paucar :
_bdrama quechua del siglo XVIII /
260 _aLima :
_bLumen,
_c1951.
300 _a178 páginas ;
_c24.5 cm.
440 _aSerie I: Monografías
_917081
500 _aDonación familia Nieto
650 _aTeatro histórico peruano
_93120
650 _aÉpoca Colonial.
_9645
650 _aTeatro peruano
_92697
700 _aMeneses, Teodoro L. (Introducción, traducción y notas)
_917082
942 _2ddc
_cLIBROS
945 _aafb